[Event "POL-ch U16 Girls"]
[Site "Sypniewo"]
[Date "2022.03.23"]
[Round "5"]
[White "Reszka, Barbara"]
[Black "Walendykiewicz, Martyna"]
[Result "1/2-1/2"]
[WhiteElo "1156"]
[BlackElo "1224"]
[PlyCount "116"]
[EventDate "2022.03.19"]
[EventType "swiss"]
[EventRounds "9"]
[EventCountry "POL"]
[SourceTitle "CBM 207 Extra"]
[Source "ChessBase"]
[SourceDate "2022.05.31"]
[SourceVersion "1"]
[SourceVersionDate "2022.05.31"]
[SourceQuality "1"]

1. e4 e5 2. Nf3 Nf6 3. Nxe5 d6 4. Nf3 Nxe4 5. Nc3 Nf6 6. d4 Bg4 7. h3 Bh5 8. Be2 Be7 9. Bf4 c6 10. 0-0 h6 11. d5 Bxf3 12. Bxf3 c5 13. Re1 0-0 14. Qd2 Nh7 15. Ne4 Ng5 16. Nxg5 Bxg5 17. c4 Na6 18. a3 Rc8 19. Rab1 b6 20. Bxg5 hxg5 21. Qd3 Qf6 22. b4 Rfe8 23. b5 Nc7 24. Be4 g6 25. Re3 Qd4 26. Qxd4 cxd4 27. Ree1 Na8 28. Bd3 Kf8 29. Re2 Rxe2 30. Bxe2 Re8 31. Kf1 Nc7 32. Rd1 Re4 33. Bf3 Rf4 34. Ke2 Ne8 35. g3 d3+ 36. Rxd3 Rxc4 37. Ke3 Nf6 38. Rd4 Rc3+ 39. Rd3 Rc5 40. a4 Rc4 41. Rd4 Rxd4 42. Kxd4 Nd7 43. Bd1 Nc5 44. Bc2 Ke7 45. f4 Kf6 46. Ke3 Nd7 47. Kd4 gxf4 48. gxf4 g5 49. Ke3 gxf4+ 50. Kxf4 Ne5 51. Bb1 Nc4 52. Bc2 Nd2 53. Bd3 Nb3 54. Bb1 Kg7 55. Kg5 Nd4 56. Bd3 Nf3+ 57. Kf4 Ne5 58. Bc2 Kf6 1/2-1/2

[Event "POL-ch U15 Qual"]
[Site "Jastrzebia Gora"]
[Date "2021.11.19"]
[Round "7"]
[White "Wiecek, Karolina"]
[Black "Reszka, Barbara"]
[Result "1/2-1/2"]
[WhiteElo "1203"]
[BlackElo "1094"]
[PlyCount "72"]
[EventDate "2021.11.15"]
[EventType "swiss"]
[EventRounds "9"]
[EventCountry "POL"]
[SourceTitle "EXT 2023"]
[Source "ChessBase"]
[SourceDate "2022.10.05"]
[SourceVersion "1"]
[SourceVersionDate "2022.10.05"]
[SourceQuality "1"]

1. d4 d5 2. c4 e6 3. Nc3 a6 4. cxd5 exd5 5. Bf4 c6 6. e3 Bf5 7. Nf3 Bd6 8. Bxd6 Qxd6 9. Bd3 Bxd3 10. Qxd3 Nf6 11. 0-0 Nbd7 12. Rab1 0-0 13. b4 Rfe8 14. Na4 Ne4 15. Nc5 Qc7 16. Rfc1 f5 17. Nxd7 Qxd7 18. Ne5 Qe7 19. a4 Nd6 20. Rc2 a5 21. Rcb2 g6 22. Qc3 Ne4 23. Qe1 axb4 24. Rxb4 Nd6 25. Qc3 Rec8 26. Nd3 b5 27. axb5 Nxb5 28. Qb3 Ra3 29. Qc2 Ra7 30. Qb3 Ra3 31. Qc2 Rc3 32. Qd2 Qe4 33. Nc5 Qc2 34. Qxc2 Rxc2 35. h3 Ra8 36. R4b2 Rxb2 1/2-1/2

[Event "POL-ch U14 Girls"]
[Site "Uniejow"]
[Date "2021.07.21"]
[Round "5"]
[White "Reszka, Barbara"]
[Black "Bromirska, Roksana"]
[Result "1-0"]
[WhiteElo "1095"]
[BlackElo "1088"]
[PlyCount "61"]
[EventDate "2021.07.18"]
[EventType "swiss"]
[EventRounds "9"]
[EventCountry "POL"]
[SourceTitle "EXT 2022"]
[Source "ChessBase"]
[SourceDate "2021.10.06"]
[SourceVersion "1"]
[SourceVersionDate "2021.10.06"]
[SourceQuality "1"]

1. e4 d5 2. exd5 Qxd5 3. Nc3 Qa5 4. d4 Nf6 5. Nf3 Bg4 6. h3 Bh5 7. g4 Bg6 8. Ne5 e6 9. Bg2 c6 10. h4 Be4 11. Bxe4 Nxe4 12. Qf3 Nd6 13. 0-0 f6 14. Nd3 Nd7 15. Re1 e5 16. dxe5 fxe5 17. b4 Qb6 18. Nxe5 Nxe5 19. Rxe5+ Be7 20. Bg5 Qc7 21. Rxe7+ Qxe7 22. Bxe7 Kxe7 23. Re1+ Kd8 24. Rd1 Kc7 25. Qf4 Rad8 26. Ne4 Rhf8 27. Qg3 Kc8 28. Nxd6+ Rxd6 29. Qxd6 a6 30. Qxf8+ Kc7 31. Qd8# 1-0

[Event "POL-ch U14 Girls"]
[Site "Uniejow"]
[Date "2021.07.20"]
[Round "3"]
[White "Reszka, Barbara"]
[Black "Makarec, Anna"]
[Result "0-1"]
[WhiteElo "1095"]
[BlackElo "1206"]
[PlyCount "118"]
[EventDate "2021.07.18"]
[EventType "swiss"]
[EventRounds "9"]
[EventCountry "POL"]
[SourceTitle "EXT 2022"]
[Source "ChessBase"]
[SourceDate "2021.10.06"]
[SourceVersion "1"]
[SourceVersionDate "2021.10.06"]
[SourceQuality "1"]

1. e4 e5 2. Nf3 Nc6 3. Bc4 Bc5 4. c3 Nf6 5. d4 exd4 6. e5 d5 7. Bb5 Ne4 8. cxd4 Bb6 9. Bxc6+ bxc6 10. Nbd2 Nxd2 11. Bxd2 Ba6 12. Rc1 0-0 13. a4 Qe7 14. a5 Bxd4 15. Nxd4 Qxe5+ 16. Be3 f5 17. g3 f4 18. gxf4 Rxf4 19. Rxc6 Re8 20. Kd2 Bb7 21. Rc3 Rxd4+ 22. Bxd4 Qxd4+ 23. Kc1 Qf4+ 24. Qd2 Qxd2+ 25. Kxd2 d4 26. Rxc7 Bxh1 27. Rxa7 Be4 28. Rd7 d3 29. a6 Bf5 30. Rb7 Ra8 31. a7 Be4 32. Rb8+ Kf7 33. Rxa8 Bxa8 34. Kxd3 Ke6 35. Kc4 Kd6 36. Kb5 Kc7 37. Ka6 Kc6 38. b4 g5 39. b5+ Kc7 40. b6+ Kc6 41. f3 h5 42. h3 h4 43. Ka5 Bb7 44. Kb4 Kxb6 45. Kc4 Kc6 46. Kd4 Kd6 47. Ke3 Ke5 48. Ke2 Kf4 49. Kf2 Bxf3 50. Kf1 Kg3 51. Kg1 Kxh3 52. Kf2 Ba8 53. Kg1 Kg3 54. Kf1 h3 55. Kg1 h2+ 56. Kf1 h1Q+ 57. Ke2 Qf3+ 58. Ke1 Kf4 59. Kd2 g4 0-1